000 00383nam a2200145 i 4500
001 bg
100 1 _aREFORMATSKIJ, J. A.
245 0 _aGorjacie i izotopnyje labolatorii /
_cJ.A. Reformatskij.
250 _aVtoroe izdanie, pererabotannoe i dopolnennoe.
260 _aMoskva,
_c1971.
040 _cBPK
041 _apol
942 _cKS
008 s pl f |000 0 pol
999 _c14153
_d14153
856 _uhttp://koha.tu.koszalin.pl/cgi-bin/koha/opac-detail.pl?biblionumber=14153
_yKatalog online BPK